BLAST.tv Paris Major 2023 | All Players - Statistics

General Stats
  • This quiz has been taken 20 times
  • The average score is 73 of 120
Answer Stats
Hint Answer % Correct
Team Vitality apEX
100%
FaZe Clan broky
100%
Heroic cadiaN
100%
Team Vitality dupreeh
100%
9INE Goofy
100%
G2 Esports huNter
100%
GamerLegion iM
100%
FaZe Clan karrigan
100%
9INE KEi
100%
Monte kRaSnaL
100%
9INE Kylar
100%
G2 Esports m0NESY
100%
Team Vitality Magisk
100%
9INE mynio
100%
G2 Esports NiKo
100%
OG niko
100%
FaZe Clan rain
100%
FaZe Clan ropz
100%
Natus Vincere s1mple
100%
GamerLegion siuhy
100%
ENCE SunPayus
100%
Team Vitality ZywOo
100%
GamerLegion acoR
92%
Natus Vincere b1t
92%
ENCE dycha
92%
Natus Vincere electronic
92%
OG F1KU
92%
9INE hades
92%
G2 Esports jks
92%
ENCE NertZ
92%
Natus Vincere npl
92%
Natus Vincere Perfecto
92%
Into the Breach rallen
92%
Team Vitality Spinx
92%
FaZe Clan Twistzz
92%
Team Liquid EliGE
83%
G2 Esports HooXi
83%
GamerLegion isak
83%
Heroic Jabbi
83%
Apeks jL
83%
GamerLegion Keoz
83%
ENCE maden
83%
Heroic sjuush
83%
ENCE Snappi
83%
Heroic stavn
83%
NiP Aleksib
75%
Monte BOROS
75%
MOUZ frozen
75%
FURIA Esports KSCERATO
75%
Team Liquid NAF
75%
Heroic TeSeS
75%
MOUZ torzsi
75%
Monte Woro2K
75%
Team Liquid YEKINDAR
75%
NiP Brollan
67%
Monte DemQQ
67%
Fnatic KRIMZ
67%
Team Liquid oSee
67%
NiP REZ
67%
Monte sdy
67%
MOUZ xertioN
67%
MOUZ dexter
58%
Complexity floppy
58%
Complexity hallzerk
58%
NiP headtr1ck
58%
Apeks nawwk
58%
Team Liquid nitr0
58%
Apeks STYKO
58%
Into the Breach Thomas
58%
Into the Breach CYPHER
50%
OG degster
50%
FURIA Esports drop
50%
OG flameZ
50%
Complexity Grim
50%
MOUZ JDC
50%
Apeks jkaem
50%
Apeks kyxsan
50%
FURIA Esports saffee
50%
FURIA Esports yuurih
50%
FURIA Esports arT
42%
paiN Gaming biguzera
42%
The MongolZ bLitz
42%
Bad News Eagles gxx
42%
Grayhound INS
42%
Complexity JT
42%
Bad News Eagles juanflatroo
42%
NiP k0nfig
42%
Fnatic mezii
42%
The MongolZ Techno4K
42%
Grayhound aliStair
33%
Fnatic nicoodoz
33%
Bad News Eagles rigoN
33%
Bad News Eagles SENER1
33%
Bad News Eagles sinnopsyy
33%
Into the Breach volt
33%
FORZE zorte
33%
Fnatic FASHR
25%
Grayhound Liazz
25%
Fnatic roeJ
25%
FORZE shalfey
25%
Grayhound Vexite
25%
The MongolZ ANNIHILATION
17%
The MongolZ Bart4k
17%
Into the Breach CRUC1AL
17%
Complexity FaNg
17%
FORZE r3salt
17%
paiN Gaming skullz
17%
The MongolZ hasteka
8%
FORZE Jerry
8%
FORZE Krad
8%
Fluxo Lucaozy
8%
OG NEOFRAG
8%
Grayhound Sico
8%
Fluxo v$m
8%
Fluxo WOOD7
8%
paiN Gaming zevy
8%
Fluxo felpz
0%
paiN Gaming hardzao
0%
Fluxo history
0%
paiN Gaming NEKIZ
0%
No matching quizzes found
Score Distribution
Percent of People with Each Score
Percentile by Number Answered
Your Score History
You have not taken this quiz